| 000 | 01200cas a2200361 a 4500 | ||
|---|---|---|---|
| 001 | 12441043 | ||
| 005 | 20180212042534.0 | ||
| 007 | t| | ||
| 008 | 001109c20019999njuuu p e 0 a0eng c | ||
| 010 | _a 00212570 | ||
| 016 | 7 |
_a101095207 _2DNLM |
|
| 022 | 0 |
_a1534-3642 _21 |
|
| 035 | _a(OCoLC)ocm45318762 | ||
| 040 |
_aNSDP _beng _cNSDP _dNBuU-H _dMCM _dDLC _dNSDP _dDNLM _dIDes _dMBNU-L _dOCoLC _dInU _dOCLCF _dOCLCO _dOCoLC |
||
| 041 | _aeng | ||
| 042 |
_apcc _ansdp |
||
| 060 | 0 | 0 |
_aQV 772 _bP3485 2001 |
| 080 | _a613 WAL | ||
| 082 | 1 | 0 |
_a613 WAL _213 |
| 100 | _a5 | ||
| 101 | _aFAR | ||
| 210 | 0 | _aPDR nutr. suppl. | |
| 222 | 0 | _aPDR for nutritional supplements | |
| 245 | 0 | 0 | _aPDR for nutritional supplements. |
| 246 | 3 | _aPhysicians' desk reference for nutritional supplements | |
| 362 | 0 | _a1st ed.- | |
| 776 | 0 | 8 |
_iOnline version: _tPDR for nutritional supplements _w(OCoLC)606526958 |
| 776 | 0 | 8 |
_iOnline version: _tPDR for nutritional supplements _w(OCoLC)608130648 |
| 906 |
_a7 _bcbc _cserials _d2 _encip _f20 _gn-oclserc |
||
| 942 |
_2ddc _cBK |
||
| 999 |
_c42315 _d42315 |
||